Responses for Show #4892 - Tuesday, December 13, 2005

Contestants

[<< previous game]

James Reeves, a writer originally from New Orleans, Louisiana

Amy Johnson, a business writer from Seattle, Washington

Rich Way, a manager from Aromas, California (whose 1-day cash winnings total $20,401)

[next game >>]

Jeopardy! Round responses

SCIENCE CLASS
NFL NICKNAMES
AMERICANA
ROUGH ALTERNATE LITERARY ENDINGS
(Alex: You have to name the work whose ending we have decided, for whatever reason, to change.)
YOU'RE JUST "GR"EAT
THE APPLE OF MY EYE
    $200 1
sweat glands

Rich
    $200 10
Joe Namath

James
    $200 20
flagpoles

Rich
    $200 6
Charlotte's Web

Amy
    $200 13
a grain

James
    $200 18
(Alex: Used to be the jaguar, but they upped it.)

a tiger

Triple Stumper
    $400 2
one

Amy
    $400 11
Joe Greene

Amy
    $400 21
Neil Armstrong

Triple Stumper
    $400 7
Love Story

Rich
    $400 14
the Grand Canyon

James
    $400 19
a laptop (or a notebook)

Rich
    $600 3
(James: What is third?)
(Rich: What is fourth?)

fifth

RichJames
Triple Stumper
    $600 23
(James: Uh, who is Perry?)
(Alex: Which one?)
(James: Uh...)
(Alex: Oh, sorry. Amy or Rich?)
(Amy: Who's [*]?)
(Alex: Yes. There are a number of famous football players named Perry.)
[James is later awarded points after Alex does not apply the same standard to Amy in the $800 clue in this category.]

William Perry

AmyJames
    $600 22
Martha Washington

James
    $600 8
Gulliver's Travels

James
    $600 15
The Graduate

Amy
    $600 28
(Steve) Jobs

James
    $800 4
mother of pearl

Triple Stumper
    $800 26
[Alex does not ask Amy to be more specific after she supplies only the last name of the correct response--this is why before the Double Jeopardy! Round James is awarded the money for his response in the $600 clue in this category.]

(Ed) Jones

Amy
    $800 24
Maryland

Rich
    $1,000 9
(Alex: Anything?)
(James: No.)
(Alex: At the end of the real novel, [*]--)
(James: Oh.)
(Alex: --she jumps beneath the train. This time, she pushed her hubby. Smarter move.)

Anna Karenina

James
    $800 16
(Amy: What is Ghana?)

Greece

RichAmy
    $800 29
(Rich: What is Shuttle?)

Airport (Express)

Rich
Triple Stumper
    $1000 5
Dewar

Triple Stumper
    $1000 27
Walter Payton

James
    $1000 25
the Russian Tea Room

James
    $1000 12
The Count of Monte Cristo

Amy
    $1000 17
gravity

Rich
    $1000 30
QuickTime

Amy

Scores at the first commercial break (after clue 15):

Rich Amy James
$0 $2,600 -$200

Scores at the end of the Jeopardy! Round:

Rich Amy James
$2,400 $4,200 $3,600

Double Jeopardy! Round responses

PHILOSOPHERS
ACTORS & ACTRESSES
VERMONT
CHESS PAINS
HISTORIC NAMES
TAKE A LETTER
    $400 6
(Jean-Paul) Sartre

James
    $400 12
Uma Thurman

James
    $400 2
Ben & Jerry's

James
    $400 21
bishops

Amy
    $400 16
Alexander the Great

James
    $400 24
N

Rich
    $800 7
Rene Descartes

James
    $800 11
Hayden Christensen

Amy
    $800 1
Calvin Coolidge

Amy
    $800 22
(Rich: What is a minus sign?)

question marks

Rich
Triple Stumper
    $800 17
Louis XIV

James
    $800 30
(Rich: What is V?)

Y

Rich
Triple Stumper
    $1,000 8
(James: Who is Nietzsche?)

Schopenhauer

James
    $1200 13
Carrie-Anne Moss

Amy
    $1200 3
Norman Rockwell

James
    $1200 23
kibitz

Rich
    $1200 18
William Penn

James
    $1200 29
C

Rich
    $1600 9
Nietzsche

James
    $1600 14
(Robert) Shaw

James
    $1,000 4
Lake Champlain

James
    $1600 28
(Alex: That would be discovered [*].)

check

Triple Stumper
    $1600 19
Bismarck

James
    $1600 25
f

Rich
    $2000 10
(James: Who is Epictetus?)

Zeno

RichJames
    $2000 15
John C. Reilly

Triple Stumper
    $2000 5
(Amy: What is Stowe?)

Killington

Amy
Triple Stumper
    $2000 27
ran out of time

Rich
    $2000 20
(Rich: Who is Stevenson?)

Wendell Willkie

Rich
Triple Stumper
    $2000 26
d

Triple Stumper

Scores at the end of the Double Jeopardy! Round:

Rich Amy James
$7,200 $5,400 $12,000

[wagering suggestions for these scores]

Final Jeopardy! Round responses

FACTS ABOUT THE PRESIDENTS
AmyWho is LBJ
$5,000
RichWho is Gerald Ford?
$7,199
JamesWho is Nixon
$2,500
Gerald Ford

Final scores:

Rich Amy James
$14,399 $400 $9,500
2-day champion: $34,800 3rd place: $1,000 2nd place: $2,000

Game dynamics:

Coryat scores:

Rich Amy James
$7,200 $5,400 $14,600
13 R,
5 W
12 R,
2 W
21 R
(including 1 DD),
4 W
(including 2 DDs)

Combined Coryat: $27,200

[game clues] [game scores] [suggest correction]

Game tape date: 2005-09-21
The J! Archive is created by fans, for fans. Scraping, republication, monetization, and malicious use prohibited; this site may use cookies and collect identifying information. See terms. The Jeopardy! game show and all elements thereof, including but not limited to copyright and trademark thereto, are the property of Jeopardy Productions, Inc. and are protected under law. This website is not affiliated with, sponsored by, or operated by Jeopardy Productions, Inc. Join the discussion at JBoard.tv.